| 000 | 00507nam a22001817a 4500 | ||
|---|---|---|---|
| 003 | CEME | ||
| 005 | 20210628205908.0 | ||
| 008 | 210208b xxu||||| |||| 00| 0 eng d | ||
| 020 | _a0-89838-286-6 | ||
| 040 | _c. | ||
| 082 | _a006.33 AUT | ||
| 100 |
_aMarcus, Sandra _977417 |
||
| 245 | _aAutomating knowledge acquistion for expert systems | ||
| 260 |
_aBOSTON _bKLUWER ACADEMIC _c1988 |
||
| 300 | _a270P | ||
| 650 |
_aEXPERT SYSTEM-ACQUISITION EXPERT SYSTEM-COMPUTER SCIENCE _977418 |
||
| 942 |
_cBK _2ddc |
||
| 999 |
_c582686 _d582686 |
||